书目信息 |
| 题名: |
碳中和背景下城市空间绩效的测算方法及提升策略
|
|
| 作者: | 杨震 , 李佳萱 著 | |
| 分册: | ||
| 出版信息: | 武汉 华中科技大学出版社 2023.03 |
|
| 页数: | 164页 | |
| 开本: | 23cm | |
| 丛书名: | 中国城市建设技术文库 | |
| 单 册: | ||
| 中图分类: | F299.2 | |
| 科图分类: | ||
| 主题词: | 城市经济 , 市政经济 | |
| 电子资源: | ||
| ISBN: | 978-7-5680-8986-9 | |
| 000 | 01415nam0 2200277 450 | |
| 001 | 2531634677 | |
| 005 | 20251217085214.73 | |
| 010 | @a978-7-5680-8986-9@dCNY78.00 | |
| 100 | @a20251217d2023 km y0chiy0120 ea | |
| 101 | 0 | @achi |
| 102 | @aCN@b420000 | |
| 200 | 1 | @a碳中和背景下城市空间绩效的测算方法及提升策略@ATan Zhong He Bei Jing Xia Cheng Shi Kong Jian Ji Xiao De Ce Suan Fang Fa Ji Ti Sheng Ce Lue@f杨震, 李佳萱著@FYang Zhen,Li Jia Xuan Zhu |
| 210 | @a武汉@c华中科技大学出版社@d2023.03 | |
| 215 | @a164页@d23cm | |
| 225 | 2 | @a中国城市建设技术文库 |
| 330 | @a本书采用泰森多边形、引力模型和潜力模型构建城市空间绩效评估模型, 实证测算城市群、大城市、建成区的空间绩效, 剖析影响因素。 运用二项逻辑斯蒂回归模型和多元线性回归模型开展城市吸引力评估, 并使用BP神经网络进行检验。 基于高斯曲线、加权求和与结构方程模型, 测算城市设施服务强度和设施服务满意度。 据此, 从优化体系形态、实现就近服务、贯通连接路径、提高步行适宜性、提高用地混合度等方面提出城市空间绩效的提升策略。 | |
| 410 | 0 | @12001 @a中国城市建设技术文库 |
| 503 | @n河南城建学院图书馆 | |
| 510 | 1 | @a= Measurement methods and improvement strategies of urban spatial performance in the context of carbon neutrality |
| 606 | 0 | @a城市经济 |
| 606 | 0 | @a市政经济 |
| 690 | @aF299.2@v4 | |
| 701 | 0 | @a杨震@AYang Zhen@4著 |
| 701 | 0 | @a李佳萱@ALi Jia Xuan@4著 |
| 801 | 0 | @aCN@b大连网信软件有限公司图书馆·11@c20251217 |
| 905 | @aZUCC@dF299.2@eY335 | |
| 碳中和背景下城市空间绩效的测算方法及提升策略/杨震, 李佳萱著.-武汉:华中科技大学出版社,2023.03 |
| 164页;23cm.-(中国城市建设技术文库) |
| ISBN 978-7-5680-8986-9:CNY78.00 |
| 本书采用泰森多边形、引力模型和潜力模型构建城市空间绩效评估模型, 实证测算城市群、大城市、建成区的空间绩效, 剖析影响因素。 运用二项逻辑斯蒂回归模型和多元线性回归模型开展城市吸引力评估, 并使用BP神经网络进行检验。 基于高斯曲线、加权求和与结构方程模型, 测算城市设施服务强度和设施服务满意度。 据此, 从优化体系形态、实现就近服务、贯通连接路径、提高步行适宜性、提高用地混合度等方面提出城市空间绩效的提升策略。 |
| ● |
| 相关链接 |
|
|
|
正题名:碳中和背景下城市空间绩效的测算方法及提升
索取号:F299.2/Y335
 
预约/预借
| 序号 | 登录号 | 条形码 | 馆藏地/架位号 | 状态 | 备注 |
| 1 | 1556762 | 215567624 | 建筑与城市规划学院资料室/ [索取号:F299.2/Y335] | 在馆 | |
| 2 | 1556763 | 215567633 | 建筑与城市规划学院资料室/ [索取号:F299.2/Y335] | 在馆 |